000 00523nam a2200193 a 4500
001 1775557145430
003 YourLibrary
005 20260407155043.0
008 260407s2008##################000#0#eng##
020 _a9781403975546
082 0 4 _a355.033047
_bROZ
100 1 _aRozman, Gilbert,
_eauthor.
245 1 0 _aRussian Strategic Thought toward Asia :
260 _bPalgrave Macmillan,
_c2008.
300 _a263 pages
650 0 _aPolitical Science.
942 _cENGLISH
040 _aYourLibrary
_beng
_cYourLibrary
999 _c618969
_d618969